MARC

LEADER 00000nam0a2200000 4500
001 314315
005 20231102002650.0
035 |a (RuTPU)RU\TPU\book\339726 
090 |a 314315 
100 |a 20160211d1982 k y0rusy5003 ca 
101 0 |a rus 
102 |a LV 
105 |a a z 001zy 
200 1 |a Управление и диагностика  |e сборник научных трудов (междуведомственный)  |f Рижский политехнический институт 
210 |a Рига  |c [Б. и.]  |d 1982 
215 |a 172 с.  |c схем.  |d 19 см. 
606 1 |a Техническая диагностика  |x Автоматика  |2 stltpush  |3 (RuTPU)RU\TPU\subj\60044  |9 77534 
610 1 |a автоматическое управление 
610 1 |a диспетчерский контроль 
610 1 |a сложные технические объекты 
610 1 |a механические объекты 
610 1 |a диагностирование 
610 1 |a обогащение 
610 1 |a технологические линии 
610 1 |a математические модели 
610 1 |a управляемые системы 
675 |a 681.518.54  |z rus  |v 4 
712 0 2 |a Рижский политехнический институт  |2 stltpush  |3 (RuTPU)RU\TPU\col\7561  |9 24345 
801 0 |a RU  |b RuMRKP  |c 19950704  |g psbo 
801 1 |a RU  |b 63413507  |c 20160211 
801 2 |a RU  |b 63413507  |c 20200629  |g RCR 
942 |c BK